01584nam a2200325   4500003000900000005001700009008004100026040004600067041000800113082002700121092000700148099003500155100005600190245018000246264004800426300007700474336002200551337002400573338003300597504005000630546004100680650005900721651001000780856005700790905001700847942001900864999001700883952017900900952017901079EG-GICUC20260121101146.0251105s2013    ua	||||fr|||| 00| 0 ara d  a EG-GICUCbarac EG-GICUCd EG-GICUCerda0 aara04221a341.8bع ن . ا 04221  aLaw1 12	341.8 ع ن . ا  20130 aعنايت عبدالحميد ثابتeمؤلف.10aأحكام القانون الدولي الخاص المقررة في مصر من خلال بعض التطبيقات العملية/cعنايت عبدالحميد ثابت. 1a[القاهرة]:bدون ناشر،c2013.  a؛ 71صفحةc24 سمbإيضاحيات، صور، مثيليات ؛   2rda contentatext  2rda mediaaComputer  2rda carrieraOnline Resource  a. 240-220 ببليوجرافيا: صفحات.  aالنص باللغة العربية1 aالقانون الدولي الخاص.zمصر2qrmak1 2qrmak40uhttps://fll.law.cu.edu.eg/fulltext/bks/B12-00718.pdf  aRawan khaled  2ddcn0cBKe21  c41092d41092  00102ddc40718القانون الدولي الخاصaCUbLAW1d2025-11-05l0oLaw1 12	341.8 ع ن . ا  2013 1200718	C1pB12-00718r2025-11-05 12:38:59t1w2025-11-05yBK  00102ddc40708القانون الدولي الخاصaCUbLAW1d2025-11-12l0oLaw1 12	341.8 ع ن . ا  2013 1201152	C2pB12-01152r2025-11-12 17:52:36t2w2025-11-12yBK